| 000 | 00369nam a2200145 a 4500 | ||
|---|---|---|---|
| 005 | 20140412111237.0 | ||
| 008 | 001113s19uu xx 00 eng d | ||
| 050 |
_aER _bOn2 1994 |
||
| 245 | _a101 Dalmatians. | ||
| 260 |
_aBurbank, CA : _bDisny Audio Entertainment, _c1994. |
||
| 300 | _a24 p. ; ill. | ||
| 440 | _aDisney | ||
| 650 |
_aDogs _xFiction |
||
| 999 |
_c102516 _d102516 |
||